Top 10 des pays africains par croissance démographique - Statistiques

Statistiques générales
  • Ce quiz a été pris 58 fois
  • Le résultat moyen est 7 sur 10
Statistiques - réponses
Croissance Pays % Correct
62,4 M RD Congo
94%
111,9 M Nigeria
91%
68,4 M Éthiopie
89%
45,7 M Égypte
85%
17,6 M Afrique du Sud
77%
27,1 M Kenya
70%
22,9 M Angola
64%
23,9 M Soudan
64%
36,4 M Tanzanie
60%
27,5 M Ouganda
55%
Aucun quiz correspondant
Distribution des résultats
% des personnes avec chaque résultat
Percentile par nombre de réponses
Votre historique - résultats
Vous n’avez pas pris ce quiz